000 00655nam a2200205Ia 4500
003 IN-BaIIA
008 211028s9999 xx 000 0 eng d
040 _cIIA Library
080 _a535.33
_bSAM
100 _aSamson, James A.
_95446
245 0 _aTechniques of vacuum ultraviolet spectroscopy
_cJames A. Samson
260 _aNew York
_bWiley
_c1967
300 _ax, 348p.
490 _aWiley series in pure and applied spectroscopy
650 _aNASA Thesaurus
650 _aUltraviolet Radiation
_92770
650 _aUltraviolet Spectroscopy
_95447
650 _aVacuum Spectroscopy
_95448
942 _cBK
999 _c3063
_d3063